000 00976nam a22003017a 4500
001 000432
003 DO-SdBNP
005 20180122090741.0
007 000432
008 160801b 1996 a xxu ||||| |||| 00| 0 spa d
020 _a0813330858
020 _a9780813330858
040 _aBPMSU
_bspa
_cBPMSU
092 _axxxxx
_bxxxxx
100 1 _aSun, Tzu.
245 1 0 _aThe complete art of war /
_cSun-tzu, Sun Pin ; translated, with historical introduction and commentary, by Ralph D. Sawyer ; with the collaboration of Mei-chün Lee Sawyer.
260 _aBoulder, Colo. :
_bWestview Press,
_c1996.
300 _axv, 304 p. ;
_c21 cm.
490 1 _aHistory and warfare.
505 _tArt of war /
_r Sun-tzu --
_tMilitary methods /
_rSun Pin.
700 1 _aSun, Pin
700 1 _aSawyer, Ralph D.
700 1 _aSawyer, Mei-chün Lee
830 0 _aHistory and warfare.
942 _2ddc
_cBK
945 _aInventariado, 2018 / YL
956 _aLOPEREZ
_b10
_cBPMSU
999 _c11068
_d11068